000 00473nam a22001697a 4500
003 MACL
005 20160802124902.0
008 160802b xxu||||| |||| 00| 0 eng d
040 _cMACL
041 _aEnglish
082 _a620 JHA
100 _aJha, Alok Ranjan
_965933
245 _aBiotech At Grassroots Impact Assessment Of AgNet Project
_cAlok Ranjan Jha
260 _aNew Delhi
_bConcept Publishing Company
_c2009
650 _aBiotech
_965934
942 _2ddc
_cBK
999 _c55428
_d55428